Alle Basketballmeister der EuroLeague - Statistiken

Allgemein
  • Dieses Quiz wurde 101 mal gespielt
  • Das Durchschnittsergebnis liegt bei 7 aus 22
Antwortstatistiken
Mannschaft Mal % Korrekt
Real Madrid 11
94%
Barcelona 2
85%
Panathinaikos 7
77%
Olympiacos 3
75%
Fenerbahçe 1
66%
Partizan
61%
Anadolu Efes
46%
Maccabi Tel Aviv 6
42%
Virtus Bologna
37%
Zalgiris
37%
Olimpia Milano
29%
CSKA Moscow 8
18%
Split
9%
Bosna
8%
Cibona
8%
Cantù
6%
Limoges CSP
6%
Varese 5
6%
Virtus Roma
6%
Dinamo Tbilisi
5%
Joventut Badalona
3%
Rīgas ASK
3%
Keine übereinstimmenden Quizze gefunden
Verteilung der Resultate
Anzahl Personen mit jedem Resultat
Perzentil nach korrekt beantworteten Fragen
Ihre Resultats-Entwicklung
Sie haben dieses Quiz noch nicht gespielt